| 000 | 01030nam a22003377a 4500 | ||
|---|---|---|---|
| 001 | BR2014001569 | ||
| 003 | BR-BrBNA | ||
| 005 | 20230928104413.0 | ||
| 007 | ta | ||
| 008 | 230509b bl.||||| |||| 00| 0 por d | ||
| 040 |
_aBR-BrBNA _bpor _cBiblioteca Nacional de Agricultura |
||
| 041 | _a(Por) | ||
| 072 |
_aF30; H20 _b0940 _b4120 |
||
| 090 | _ 0940 BR2014001569 | ||
| 100 | 1 | _aPereira, V.F. | |
| 110 | 1 |
_aUniversidade Federal de Lavras, MG (Brasil) _0Tese (Doutorado) |
|
| 245 | 1 | _aFosfitos no manejo do míldio (Plasmopara viticola)e indução de resistência em videira cv. Merlot Noir | |
| 260 | 3 |
_aLavras, MG (Brasil): _c2013. |
|
| 300 | _a135 p. | ||
| 500 | _aSummaries (Eng, Por); Several bibliography; 14 illus.; 10 tables | ||
| 650 | _aUVA | ||
| 650 | _aMILDIO | ||
| 650 | _aINDUÇÃO | ||
| 650 | _aVARIEDADE RESISTENTE | ||
| 650 | _aCOMPOSTO FENÓLICO | ||
| 650 | _aDOSE | ||
| 650 | _aFUNGICIDA | ||
| 650 | _aPROPRIEDADE FÍSICO-QUÍMICA | ||
| 909 |
_a202309 _bLucia _c55 _dLucia Elande |
||
| 942 | _cBK | ||
| 999 |
_c79721 _d79721 |
||